| 000 | 03808nam0a2200421 4500 | ||
|---|---|---|---|
| 001 | RU\NLR\BIBL_A\012721555 | ||
| 005 | 20220401134239.0 | ||
| 010 |
_a978-5-9652-0619-3 _950 |
||
| 021 |
_aRU _bКН-П-21-078919 _9КН-П-21-6284 |
||
| 035 | _a(NLR Aleph) 012721555 | ||
| 035 | _a(RuMoRGB)010877422 | ||
| 090 |
_a12943307 _c12943307 |
||
| 100 | _a20220303d2021 k y0rusy50 ca | ||
| 101 | 0 |
_arus _deng |
|
| 102 | _aRU | ||
| 105 | _aa|||z||||||z| | ||
| 181 | 1 |
_ai3 _b e |
|
| 182 | 1 | _an | |
| 200 | 1 |
_aФитотерапия вирусных заболеваний _dPhytotherapy of viral diseases _eмонография _fВ. В. Мелик-Гусейнов _gФедеральное государственное бюджетное образовательное учреждение высшего образования "Волгоградский государственный медицинский университет" Министерства здравоохранения Российской Федерации _zeng |
|
| 203 |
_aТекст _bвизуальный _cнепосредственный |
||
| 210 |
_aВолгоград _cИзд-во ВолгГМУ _d2021 |
||
| 215 |
_a542, [1] с. _cцв. ил. _d21 см. |
||
| 300 | _aАвт. также на англ. яз.: V.V. Melik-Gusseinov | ||
| 300 | _aНа 4-й с. обл. авт.: д-р биол. наук, проф. В. В. Мелик-Гусейнов | ||
| 300 | _aРез. англ | ||
| 320 | _aБиблиогр.: с. 518-534 (181 назв.) | ||
| 320 | _aАлф. указ. русско-латинских назв. растений: с. 536-542 | ||
| 330 | _aВ монографии представлены сведения об использовании лекарственных растений в лечении вирусных заболеваний. Опубликованный в работе материал учитывает современную (и не только) ситуацию в мире, связанную с вирусными заболеваниями, в том числе и с COVID-19. Описано свыше 170 растений отечественной и зарубежной флоры, используемых при данной патологии. По каждому иллюстрированному растительному объекту приводятся синонимы и названия вида и семейства на русском и латинском языках; представлен химический состав в свете современных достижений в области химии природных соединений, фармакологические свойства, применение в народной медицине, а также сведения о противопоказаниях и побочных действия описываемых растений. Монография адресована провизорам, врачам, биологам, студентам фармацевтических и медицинских вузов, а также всем интересующимся фитотерапией | ||
| 510 | 1 |
_6z2790 _aPhytotherapy of viral diseases _zeng |
|
| 606 | 1 |
_aВирусные болезни _xФитотерапия _92509075 _3RU\NLR\AUTH\6601702669 |
|
| 675 |
_a615.322 _v4 |
||
| 686 | 1 | _aР514.21-525 | |
| 700 | 1 |
_7ca _8rus _aМелик-Гусейнов _bВ. В. _f1947- _gВалерий Владимирович _9119895 _3RU\NLR\AUTH\7710111 |
|
| 790 | 1 |
_6z22510 _7ba _8rus _aMelik-Gusejnov _bV. V. _f1947- _gValerij Vladimirovič _9143471 _3RU\NLR\AUTH\770143507 |
|
| 942 | _cBOOK | ||
| 980 | _aNB | ||